000 00359nam a2200157Ia 4500
008 210210b1905 xxu||||| |||| 00| 0 eng d
041 _aeng
082 _a940/287
100 _aBRIGHT (Frank J)
245 _aJoseph II
260 _aLondon
_bMacmillan & Co. Ltd.
_c1905
650 _aJoseph
650 _aII
690 _aEuropean History
906 _a025353
999 _c77919
_d77919